000 00917nam a22003137a 4500
001 0006708
003 KOHA_MİRAKIL
005 20260207001532.0
007 ta
008 090805b2005 tu |||gr||||#||||0|tur |
020 _a9758740202
040 _aTR-BiSEU
_btur
_cTR-BiSEU
_erda
041 0 _atur
044 _ctu
050 _aCB18
_b.T69 2005
100 1 _aToynbee, Arnold Joseph .
245 1 _aHatıralar :
_btanıdıklarım/
_cArnold Joseph Toynbee ; Arnold Joseph Toynbee; Deniz Öktem.
264 1 _aİstanbul :
_bKlasik
_c2005
300 _aVII, 359 sayfa
336 _ametin
_btxt
_2rdacontent
337 _aaracısız
_bn
_2rdamedia
338 _acilt
_bnc
_2rdacarrier
490 1 _aKlasik ;
_v16.
490 1 _akitap, Hatırat ;
_v3.
650 0 _aToynbee, Arnold Joseph, 1889-1975.
_916576
830 1 _aKlasik ;
_v16.
_99277
830 1 _akitap, Hatırat ;
_v3.
_916577
942 _2lcc
_cBK
999 _c6689
_d6689